[Event "Moscow Ivi GP op"]
[Site "Moscow"]
[Date "2025.03.10"]
[Round "5"]
[White "Kazhgaleyev, Murtas"]
[Black "Tologontegin, Semetey"]
[Result "1-0"]
[WhiteElo "2504"]
[BlackElo "2359"]
[PlyCount "59"]
[EventDate "2025.03.08"]
[EventType "swiss"]
[EventRounds "10"]
[EventCountry "RUS"]
[SourceTitle "CB12_2025"]
[SourceDate "2025.03.19"]
[SourceVersion "1"]
[SourceVersionDate "2025.03.19"]
[SourceQuality "1"]

1. d4 Nf6 2. c4 e6 3. Nc3 Bb4 4. e3 0-0 5. a3 Bxc3+ 6. bxc3 d6 7. Ne2 b6 8. Ng3 Bb7 9. Bd3 c5 10. e4 Nc6 11. d5 Ne5 12. Be2 b5 13. Rb1 Qc7 14. Bg5 bxc4 15. Bxf6 gxf6 16. Qd2 Kh8 17. Qh6 Nd7 18. Nh5 Rg8 19. Nxf6 Rg7 20. Bxc4 Nxf6 21. Qxf6 exd5 22. exd5 Qd7 23. f3 Qa4 24. 0-0 Qxc4 25. Rxb7 Qxd5 26. Rfb1 Re8 27. Rb8 Qc6 28. Rd8 Qa4 29. Qxd6 Rg6 30. Qe5+ 1-0

[Event "Moscow Ivi GP op"]
[Site "Moscow"]
[Date "2025.03.09"]
[Round "3"]
[White "Kazhgaleyev, Murtas"]
[Black "Manvelyan, Mikayel"]
[Result "0-1"]
[WhiteElo "2504"]
[BlackElo "2176"]
[PlyCount "130"]
[EventDate "2025.03.08"]
[EventType "swiss"]
[EventRounds "10"]
[EventCountry "RUS"]
[SourceTitle "CB12_2025"]
[SourceDate "2025.03.19"]
[SourceVersion "1"]
[SourceVersionDate "2025.03.19"]
[SourceQuality "1"]

1. Nf3 d5 2. e3 Nf6 3. c4 e6 4. Nc3 Be7 5. b3 b6 6. Bb2 Bb7 7. cxd5 exd5 8. d4 Nbd7 9. Bd3 0-0 10. Qc2 Bd6 11. Nb5 Bb4+ 12. Bc3 Be7 13. Bb2 a6 14. Nc3 Bd6 15. 0-0 Qe7 16. Ne2 Ne4 17. Rac1 Rac8 18. Ng3 f5 19. Qe2 Ra8 20. Rfd1 g6 21. b4 Rf7 22. a4 h5 23. b5 a5 24. Qc2 h4 25. Ne2 g5 26. Qb3 Re8 27. Bb1 h3 28. Ne5 Nxe5 29. dxe5 Bxe5 30. Ba2 Bxb2 31. Qxb2 Nxf2 32. Rd2 Qxe3 33. Qd4 Nd3+ 34. Qxe3 Rxe3 35. Rcd1 Nb4 36. Bb1 hxg2 37. Nd4 Bc8 38. Rxg2 g4 39. Rf1 f4 40. Bg6 Rf8 41. Rc1 Re7 42. Re2 Rg7 43. Bb1 g3 44. hxg3 fxg3 45. Kg2 Bd7 46. Rc3 Rf4 47. Rd2 Rh4 48. Rxg3 Rxg3+ 49. Kxg3 Rg4+ 50. Kf3 Kf7 51. Ke3 Ke7 52. Rh2 Kd6 53. Rh7 Rg3+ 54. Kf4 Ra3 55. Bf5 Kc5 56. Ne2 Bxf5 57. Kxf5 c6 58. bxc6 Nxc6 59. Rh4 d4 60. Nf4 Rxa4 61. Ke4 Ra3 62. Nd3+ Kc4 63. Rh3 Rc3 64. Rh6 Rxd3 65. Rxc6+ Kb5 0-1

[Event "Moscow Ivi GP op"]
[Site "Moscow"]
[Date "2025.03.08"]
[Round "1"]
[White "Kazhgaleyev, Murtas"]
[Black "Bukreev, Stanislav"]
[Result "1/2-1/2"]
[WhiteElo "2504"]
[BlackElo "2321"]
[PlyCount "110"]
[EventDate "2025.03.08"]
[EventType "swiss"]
[EventRounds "10"]
[EventCountry "RUS"]
[SourceTitle "CB12_2025"]
[SourceDate "2025.03.19"]
[SourceVersion "1"]
[SourceVersionDate "2025.03.19"]
[SourceQuality "1"]

1. d4 d5 2. c4 e6 3. Nc3 Nf6 4. cxd5 Nxd5 5. e3 c5 6. Bd3 cxd4 7. exd4 Nxc3 8. bxc3 Qc7 9. Bd2 Bd6 10. Qg4 0-0 11. Nf3 Re8 12. Qh4 h6 13. 0-0 Nd7 14. Rae1 Qd8 15. Bg5 hxg5 16. Qh7+ Kf8 17. Qh8+ Ke7 18. Qxg7 Nf6 19. Nxg5 Rf8 20. Bg6 Ne8 21. Qh6 Bf4 22. Bxf7 Rxf7 23. Rxe6+ Kd7 24. Nxf7 Bxh6 25. Nxd8 Bg5 26. Rfe1 Nc7 27. Rd6+ Kxd6 28. Nf7+ Kc6 29. Nxg5 b5 30. h4 Bd7 31. f3 Nd5 32. h5 Nxc3 33. Rc1 b4 34. Ne4 Kd5 35. Nxc3+ bxc3 36. Rxc3 Kxd4 37. Rc7 Be6 38. a3 Rh8 39. Rxa7 Rxh5 40. Ra4+ Ke5 41. Ra5+ Bd5 42. Kf2 Rh1 43. g4 Ke6 44. Rc5 Rb1 45. Rc3 Ke5 46. Rd3 Rb3 47. Rxb3 Bxb3 48. Kg3 Bd1 49. f4+ Ke4 50. f5 Ke5 51. Kh4 Kf6 52. Kh5 Bc2 53. Kh6 Bxf5 54. gxf5 Kxf5 55. a4 Ke5 1/2-1/2

[Event "Moscow Ivi GP op"]
[Site "Moscow"]
[Date "2025.03.08"]
[Round "2"]
[White "Tregubenko, Nikolay"]
[Black "Kazhgaleyev, Murtas"]
[Result "0-1"]
[WhiteElo "2193"]
[BlackElo "2504"]
[PlyCount "46"]
[EventDate "2025.03.08"]
[EventType "swiss"]
[EventRounds "10"]
[EventCountry "RUS"]
[SourceTitle "CB12_2025"]
[SourceDate "2025.03.19"]
[SourceVersion "1"]
[SourceVersionDate "2025.03.19"]
[SourceQuality "1"]

1. e4 c5 2. Nf3 e6 3. d4 cxd4 4. Nxd4 a6 5. Bd3 Bc5 6. Nb3 Ba7 7. 0-0 Ne7 8. c4 Nbc6 9. Nc3 0-0 10. Qe2 d5 11. cxd5 exd5 12. exd5 Nxd5 13. Rd1 Nxc3 14. Bxh7+ Kh8 15. bxc3 Qh4 16. Be4 Re8 17. Nd2 Bg4 18. Nf3 Bxf3 19. gxf3 f5 20. Rd5 fxe4 21. f4 Kg8 22. Rg5 Re6 23. f5 e3 0-1

[Event "WchT Seniors 50"]
[Site "Prague"]
[Date "2025.02.23"]
[Round "6.1"]
[White "Kazhgaleyev, Murtas"]
[Black "Ehlvest, Jaan"]
[Result "1/2-1/2"]
[WhiteElo "2495"]
[BlackElo "2531"]
[PlyCount "43"]
[EventDate "2025.02.17"]
[EventType "team-swiss"]
[EventRounds "9"]
[EventCountry "CZE"]
[SourceTitle "CB09_2025"]
[SourceDate "2025.02.27"]
[SourceVersion "1"]
[SourceVersionDate "2025.02.27"]
[SourceQuality "1"]
[WhiteTeam "Kazakhstan 50"]
[BlackTeam "USA 50"]
[WhiteTeamCountry "KAZ"]
[BlackTeamCountry "USA"]

1. d4 d5 2. c4 dxc4 3. Nf3 a6 4. e3 e6 5. Bxc4 c5 6. 0-0 Nf6 7. Qe2 b5 8. Bd3 cxd4 9. a4 bxa4 10. Rxa4 Bb7 11. Rxd4 Nbd7 12. Rd1 Bc5 13. Ra4 Qc8 14. Nbd2 0-0 15. Nb3 Qb8 16. Bc2 Rc8 17. e4 Bc6 18. Ra1 Bb5 19. Bd3 Bxd3 20. Rxd3 Bf8 21. h3 h6 22. Re3 1/2-1/2

[Event "WchT Seniors 50"]
[Site "Prague"]
[Date "2025.02.21"]
[Round "5.1"]
[White "Kazhgaleyev, Murtas"]
[Black "David, Alberto"]
[Result "1/2-1/2"]
[WhiteElo "2495"]
[BlackElo "2467"]
[PlyCount "32"]
[EventDate "2025.02.17"]
[EventType "team-swiss"]
[EventRounds "9"]
[EventCountry "CZE"]
[SourceTitle "CB09_2025"]
[SourceDate "2025.02.27"]
[SourceVersion "1"]
[SourceVersionDate "2025.02.27"]
[SourceQuality "1"]
[WhiteTeam "Kazakhstan 50"]
[BlackTeam "Italy 50"]
[WhiteTeamCountry "KAZ"]
[BlackTeamCountry "ITA"]

1. d4 Nf6 2. c4 e6 3. Nc3 Bb4 4. e3 0-0 5. Bd2 d5 6. Nf3 b6 7. cxd5 exd5 8. Bd3 Be7 9. 0-0 c5 10. Ne5 Bb7 11. Qf3 Nc6 12. Rfd1 g6 13. Bb5 Qd6 14. Nxc6 Bxc6 15. dxc5 bxc5 16. Bxc6 Qxc6 1/2-1/2

[Event "Pavlodar op"]
[Site "Pavlodar"]
[Date "2024.10.19"]
[Round "8"]
[White "Kazhgaleyev, Murtas"]
[Black "Pshmahov, Osman"]
[Result "1-0"]
[WhiteElo "2481"]
[BlackElo "2270"]
[PlyCount "115"]
[EventDate "2024.10.13"]
[EventType "swiss"]
[EventRounds "10"]
[EventCountry "KAZ"]
[SourceTitle "CB43_2024"]
[Source "Chessbase"]
[SourceDate "2024.10.23"]
[SourceVersion "1"]
[SourceVersionDate "2024.10.23"]
[SourceQuality "1"]

1. d4 Nf6 2. c4 e6 3. Nc3 Bb4 4. e3 b6 5. Nge2 Bb7 6. a3 Be7 7. d5 0-0 8. e4 Re8 9. g3 Ng4 10. Bg2 Bc5 11. 0-0 Qf6 12. Qe1 a5 13. Na4 Na6 14. Bd2 Ne5 15. Qd1 Nf3+ 16. Bxf3 Qxf3 17. Nec3 Qd3 18. Bf4 Qxc4 19. Be5 exd5 20. b3 Qxf1+ 21. Kxf1 Rxe5 22. exd5 Bf8 23. Nb2 Rae8 24. Nc4 Rf5 25. d6 Rf6 26. dxc7 Bc5 27. Ra2 Nxc7 28. Qxd7 Bc8 29. Qd1 Bh3+ 30. Kg1 Bd4 31. Rc2 Rf3 32. Nd6 Rd3 33. Rd2 Rxd2 34. Qxd2 Bxc3 35. Qxc3 Nd5 36. Qd2 Re6 37. Nc4 h5 38. f3 Nf6 39. Nxb6 Rc6 40. Nc4 a4 41. bxa4 Nd7 42. Qd4 Be6 43. Ne3 Rc1+ 44. Kf2 Nc5 45. h4 Nb3 46. Qd8+ Kh7 47. g4 Nc5 48. gxh5 Rc3 49. Qd4 Nd3+ 50. Kg3 Nc1 51. Qd2 Rc5 52. Ng4 f5 53. Nf2 Rc4 54. Nh3 f4+ 55. Nxf4 Bf7 56. Qd7 Kg8 57. Ng6 Ne2+ 58. Kf2 1-0

[Event "Pavlodar op"]
[Site "Pavlodar"]
[Date "2024.10.17"]
[Round "6"]
[White "Kazhgaleyev, Murtas"]
[Black "Gareyev, Timur"]
[Result "1/2-1/2"]
[WhiteElo "2481"]
[BlackElo "2541"]
[PlyCount "154"]
[EventDate "2024.10.13"]
[EventType "swiss"]
[EventRounds "10"]
[EventCountry "KAZ"]
[SourceTitle "CB43_2024"]
[Source "Chessbase"]
[SourceDate "2024.10.23"]
[SourceVersion "1"]
[SourceVersionDate "2024.10.23"]
[SourceQuality "1"]

1. d4 Nf6 2. c4 e6 3. Nc3 Bb4 4. e3 d5 5. a3 Be7 6. Nf3 0-0 7. cxd5 exd5 8. Bd3 c6 9. h3 Re8 10. 0-0 Bd6 11. Qc2 Qe7 12. Nd2 h6 13. b4 Nbd7 14. Bb2 Nb6 15. Rae1 Bd7 16. e4 dxe4 17. Ncxe4 Nxe4 18. Nxe4 Nd5 19. Nxd6 Qxd6 20. Re5 f6 21. Re4 Rxe4 22. Bxe4 Re8 23. Bf3 a6 24. Rd1 Be6 25. Bc1 Qd7 26. Be4 Re7 27. Bd3 Bf7 28. Bd2 Nc7 29. Bf4 Nd5 30. Bd2 Qd6 31. Qc5 Rd7 32. Bf1 g5 33. Re1 Kg7 34. a4 b5 35. axb5 axb5 36. Ra1 Qxc5 37. dxc5 Ne7 38. Be1 Bc4 39. Bxc4 bxc4 40. Kf1 Kf7 41. Rc1 Rd4 42. Bc3 Rd3 43. Be1 Rd4 44. Bc3 Rd3 45. Be1 Rb3 46. Rxc4 Nd5 47. Bd2 h5 48. g3 Rb2 49. Ke2 f5 50. Kd1 Kf6 51. Kc1 Rb3 52. Kc2 Rf3 53. Be1 Ke5 54. Kb2 Nc7 55. h4 g4 56. Rc3 Nb5 57. Rxf3 gxf3 58. Bd2 Kd4 59. Kc2 Kc4 60. Be3 Nc3 61. Bh6 Nd5 62. b5 cxb5 63. c6 Nb4+ 64. Kd2 Nxc6 65. Ke3 Nd4 66. Bf8 f4+ 67. gxf4 Nf5+ 68. Ke4 Nxh4 69. f5 b4 70. f6 b3 71. Ba3 Ng6 72. f7 h4 73. Kf5 Nf8 74. Kg4 Nd7 75. Kxh4 Kd3 76. Kg3 Ke4 77. Bb2 Kf5 1/2-1/2

[Event "Pavlodar op"]
[Site "Pavlodar"]
[Date "2024.10.17"]
[Round "5"]
[White "Tulendinov, Dinmukhammed"]
[Black "Kazhgaleyev, Murtas"]
[Result "0-1"]
[WhiteElo "2303"]
[BlackElo "2481"]
[PlyCount "58"]
[EventDate "2024.10.13"]
[EventType "swiss"]
[EventRounds "10"]
[EventCountry "KAZ"]
[SourceTitle "CB43_2024"]
[Source "Chessbase"]
[SourceDate "2024.10.23"]
[SourceVersion "1"]
[SourceVersionDate "2024.10.23"]
[SourceQuality "1"]

1. e4 c5 2. d4 cxd4 3. Qxd4 Nc6 4. Qd3 e6 5. Nc3 a6 6. Qg3 d6 7. Bd3 Nf6 8. Be3 g6 9. Nge2 Bg7 10. f4 0-0 11. 0-0 b5 12. Rad1 b4 13. Na4 Bb7 14. c4 Qc7 15. Bb6 Qb8 16. Be3 Ne7 17. Nb6 Nxe4 18. Bxe4 Bxe4 19. Nxa8 Qxa8 20. Qf2 Bxb2 21. Bd4 Bxd4 22. Nxd4 Rc8 23. Nf3 Rxc4 24. Rxd6 Nd5 25. Nd2 Rc2 26. Re1 Bd3 27. Rd7 Bb5 28. Ra7 Qb8 29. Rd1 Nc3 0-1

[Event "Pavlodar op"]
[Site "Pavlodar"]
[Date "2024.10.16"]
[Round "4"]
[White "Kazhgaleyev, Murtas"]
[Black "Yilmaz, Mustafa"]
[Result "0-1"]
[WhiteElo "2481"]
[BlackElo "2566"]
[PlyCount "60"]
[EventDate "2024.10.13"]
[EventType "swiss"]
[EventRounds "10"]
[EventCountry "KAZ"]
[SourceTitle "CB43_2024"]
[Source "Chessbase"]
[SourceDate "2024.10.23"]
[SourceVersion "1"]
[SourceVersionDate "2024.10.23"]
[SourceQuality "1"]

1. d4 Nf6 2. c4 e6 3. Nc3 Bb4 4. e3 0-0 5. Bd3 d5 6. a3 dxc4 7. Bxc4 Be7 8. Nf3 c5 9. 0-0 a6 10. dxc5 Bxc5 11. b4 Qxd1 12. Rxd1 Be7 13. Bb2 b5 14. Bb3 Bb7 15. Ne2 Nc6 16. Nf4 a5 17. bxa5 Nxa5 18. Ba2 Nc4 19. Bxc4 bxc4 20. Ne5 Rfc8 21. Rdc1 Ra4 22. Ne2 Ne4 23. Nd7 Ra6 24. Bd4 Nd2 25. Rc3 f6 26. f4 Rd8 27. Nc5 Bxc5 28. Bxc5 Nb3 29. Rxb3 cxb3 30. Nd4 Rc8 0-1

[Event "Pavlodar op"]
[Site "Pavlodar"]
[Date "2024.10.15"]
[Round "3"]
[White "Makhnev, Denis"]
[Black "Kazhgaleyev, Murtas"]
[Result "1/2-1/2"]
[WhiteElo "2537"]
[BlackElo "2481"]
[PlyCount "106"]
[EventDate "2024.10.13"]
[EventType "swiss"]
[EventRounds "10"]
[EventCountry "KAZ"]
[SourceTitle "CB43_2024"]
[Source "Chessbase"]
[SourceDate "2024.10.23"]
[SourceVersion "1"]
[SourceVersionDate "2024.10.23"]
[SourceQuality "1"]

1. d4 d5 2. Nf3 e6 3. c4 c5 4. cxd5 exd5 5. Bg5 Be7 6. Bxe7 Nxe7 7. dxc5 Qa5+ 8. Nc3 Nbc6 9. e3 Qxc5 10. Be2 0-0 11. 0-0 Rd8 12. Rc1 Qb4 13. Rc2 a6 14. Rd2 Bg4 15. Ng5 Bxe2 16. Qxe2 h6 17. Nf3 Rd7 18. Rfd1 Rad8 19. h3 Kf8 20. Qd3 g6 21. Ne2 Nf5 22. Qc3 Ke7 23. g4 Qe4 24. Ne1 Nh4 25. Qc5+ Ke8 26. Nc3 Qc4 27. Qxc4 dxc4 28. Rxd7 Rxd7 29. Rxd7 Kxd7 30. f4 g5 31. Kf2 Ng6 32. fxg5 hxg5 33. Ne4 Nge5 34. a3 a5 35. Nxg5 b5 36. Ke2 b4 37. axb4 axb4 38. Kd2 Kd6 39. Ne4+ Kd5 40. Nf2 Na5 41. Kc2 Nb7 42. Ng2 Nc5 43. Nf4+ Kd6 44. h4 b3+ 45. Kc3 Na4+ 46. Kd4 Nxg4 47. Nxg4 c3 48. Nf2 f5 49. N4d3 cxb2 50. Nxb2 Nxb2 51. Kc3 Nc4 52. Kxb3 Nxe3 53. Kc3 Ke5 1/2-1/2

[Event "Moscow Botvinnik Memorial Cup"]
[Site "Moscow"]
[Date "2024.09.08"]
[Round "8.19"]
[White "Berdibaeva, Edisa"]
[Black "Kazhgaleyev, Murtas"]
[Result "0-1"]
[WhiteElo "1804"]
[BlackElo "2481"]
[PlyCount "92"]
[EventDate "2024.09.04"]
[EventType "team-tourn"]
[EventRounds "9"]
[EventCountry "RUS"]
[SourceTitle "EXT 2025"]
[Source "ChessBase"]
[SourceDate "2024.10.14"]
[SourceVersion "1"]
[SourceVersionDate "2024.10.14"]
[SourceQuality "1"]
[WhiteTeam "Kyrgyzstan"]
[BlackTeam "Kazakhstan"]
[WhiteTeamCountry "KGZ"]
[BlackTeamCountry "KAZ"]

1. e4 c5 2. Nf3 e6 3. b3 d6 4. d4 cxd4 5. Nxd4 Nf6 6. Bd3 Be7 7. Bb2 d5 8. Nd2 0-0 9. 0-0 Nbd7 10. exd5 Nxd5 11. c4 Nc5 12. Bxh7+ Kxh7 13. cxd5 Qxd5 14. Nc4 Rd8 15. Qe2 b6 16. Rfd1 Bb7 17. f3 Qh5 18. b4 Na6 19. a3 Rac8 20. Rac1 Kg8 21. Rc2 Bf8 22. Rcd2 Nc7 23. Nc2 Rxd2 24. Rxd2 Nd5 25. N4e3 Nf4 26. Qd1 Qg6 27. Be5 Qg5 28. Bxf4 Qxf4 29. Rd4 Qe5 30. Ng4 Qg5 31. Nge3 a5 32. Qd3 axb4 33. axb4 e5 34. Rd7 Bc6 35. Ra7 Qf4 36. Qc4 Qxc4 37. Nxc4 Bxf3 38. N2e3 Be4 39. Nxb6 Rd8 40. Nd7 Bxb4 41. Kf2 Bc3 42. Rc7 Bd4 43. g3 Ra8 44. Nc5 Bd5 45. Ke2 Ra2+ 46. Kd3 Ra3+ 0-1

[Event "Moscow Botvinnik Memorial Cup"]
[Site "Moscow"]
[Date "2024.09.08"]
[Round "8.18"]
[White "Kazhgaleyev, Murtas"]
[Black "Zarylykov, Erhan"]
[Result "1-0"]
[WhiteElo "2481"]
[BlackElo "1752"]
[PlyCount "89"]
[EventDate "2024.09.04"]
[EventType "team-tourn"]
[EventRounds "9"]
[EventCountry "RUS"]
[SourceTitle "EXT 2025"]
[Source "ChessBase"]
[SourceDate "2024.10.14"]
[SourceVersion "1"]
[SourceVersionDate "2024.10.14"]
[SourceQuality "1"]
[WhiteTeam "Kazakhstan"]
[BlackTeam "Kyrgyzstan"]
[WhiteTeamCountry "KAZ"]
[BlackTeamCountry "KGZ"]

1. d4 Nf6 2. c4 g6 3. g3 Bg7 4. Bg2 d6 5. Nc3 0-0 6. Nf3 Nc6 7. 0-0 e5 8. dxe5 dxe5 9. Bg5 Be6 10. Qc1 Bxc4 11. Nd2 Be6 12. Bxc6 bxc6 13. Nde4 Bf5 14. Rd1 Qe7 15. Qe3 Qe6 16. Bxf6 Bxf6 17. Nxf6+ Qxf6 18. Rd2 h5 19. h4 a6 20. Rad1 Qe7 21. b3 Rfe8 22. Na4 Rab8 23. Qc5 Qxc5 24. Nxc5 a5 25. f3 Kf8 26. e4 Be6 27. Kf2 Rb5 28. Rc1 Rb6 29. Ke3 Ke7 30. Rdc2 Kd6 31. f4 f6 32. Na4 exf4+ 33. gxf4 Bd5 34. e5+ fxe5 35. Nxb6 cxb6 36. Rg1 exf4+ 37. Kxf4 Re4+ 38. Kg5 b5 39. Rf2 Kc5 40. Rh2 Re6 41. Kh6 Be4 42. Re1 Kd5 43. Rd2+ Ke5 44. Kg5 Re7 45. Rxe4+ 1-0

[Event "Moscow Botvinnik Memorial Cup"]
[Site "Moscow"]
[Date "2024.09.08"]
[Round "7.14"]
[White "Torosyan, Volodya"]
[Black "Kazhgaleyev, Murtas"]
[Result "0-1"]
[WhiteElo "2187"]
[BlackElo "2481"]
[PlyCount "74"]
[EventDate "2024.09.04"]
[EventType "team-tourn"]
[EventRounds "9"]
[EventCountry "RUS"]
[SourceTitle "EXT 2025"]
[Source "ChessBase"]
[SourceDate "2024.10.14"]
[SourceVersion "1"]
[SourceVersionDate "2024.10.14"]
[SourceQuality "1"]
[WhiteTeam "Armenia"]
[BlackTeam "Kazakhstan"]
[WhiteTeamCountry "ARM"]
[BlackTeamCountry "KAZ"]

1. e4 e5 2. Nf3 Nc6 3. Bb5 a6 4. Ba4 Nf6 5. 0-0 b5 6. Bb3 Bb7 7. Re1 Bc5 8. c3 d6 9. d4 Bb6 10. a4 Ne7 11. Nbd2 Ng6 12. axb5 axb5 13. Rxa8 Qxa8 14. Qe2 0-0 15. Bc2 Bc6 16. Nf1 h6 17. Ng3 Re8 18. dxe5 dxe5 19. Nf5 Nf4 20. Bxf4 exf4 21. Nd2 Qa2 22. e5 Qd5 23. Nh4 Rxe5 24. Qxe5 Bxf2+ 25. Kh1 Qxd2 26. Nf3 Qxc2 27. Rf1 Bb6 28. Qxf4 Qxb2 29. Rd1 Bd5 30. Qf5 Qxc3 31. h3 g6 32. Qf4 Bxf3 33. gxf3 Kg7 34. h4 Nh5 35. Qg4 Qc2 36. Rf1 Qe2 37. Qg2 Qxf1+ 0-1

[Event "Moscow Botvinnik Memorial Cup"]
[Site "Moscow"]
[Date "2024.09.06"]
[Round "4.4"]
[White "Kazhgaleyev, Murtas"]
[Black "Kholova, Amal"]
[Result "1-0"]
[WhiteElo "2481"]
[BlackElo "1505"]
[PlyCount "69"]
[EventDate "2024.09.04"]
[EventType "team-tourn"]
[EventRounds "9"]
[EventCountry "RUS"]
[SourceTitle "EXT 2025"]
[Source "ChessBase"]
[SourceDate "2024.10.14"]
[SourceVersion "1"]
[SourceVersionDate "2024.10.14"]
[SourceQuality "1"]
[WhiteTeam "Kazakhstan"]
[BlackTeam "Tajikistan"]
[WhiteTeamCountry "KAZ"]
[BlackTeamCountry "TJK"]

1. d4 d5 2. c4 e6 3. Nc3 Nf6 4. Bg5 Be7 5. e3 c6 6. Nf3 Nbd7 7. cxd5 exd5 8. Bd3 Nb6 9. Qc2 h6 10. Bh4 Be6 11. h3 Qc7 12. 0-0 0-0 13. Ne5 Nbd7 14. f4 Nxe5 15. dxe5 Ne8 16. Bg3 Qb6 17. Rae1 f5 18. exf6 Nxf6 19. Bf2 Qc7 20. e4 dxe4 21. Nxe4 Nxe4 22. Bxe4 Bf7 23. Bd4 Bh4 24. g3 Be7 25. Qc3 Bxa2 26. Rf2 Bf6 27. Bxf6 Rxf6 28. b3 Qb6 29. Bc2 Kh8 30. Qd3 Kg8 31. Qc4+ Kf8 32. Qa4 Bxb3 33. Bxb3 Rd8 34. Kg2 g5 35. Qc4 1-0

[Event "Moscow Botvinnik Memorial Cup"]
[Site "Moscow"]
[Date "2024.09.06"]
[Round "4.3"]
[White "Shorakhmatov, Iskandar"]
[Black "Kazhgaleyev, Murtas"]
[Result "0-1"]
[WhiteElo "1468"]
[BlackElo "2481"]
[PlyCount "60"]
[EventDate "2024.09.04"]
[EventType "team-tourn"]
[EventRounds "9"]
[EventCountry "RUS"]
[SourceTitle "EXT 2025"]
[Source "ChessBase"]
[SourceDate "2024.10.14"]
[SourceVersion "1"]
[SourceVersionDate "2024.10.14"]
[SourceQuality "1"]
[WhiteTeam "Tajikistan"]
[BlackTeam "Kazakhstan"]
[WhiteTeamCountry "TJK"]
[BlackTeamCountry "KAZ"]

1. e4 c5 2. Nc3 e6 3. Nf3 a6 4. d4 cxd4 5. Nxd4 b5 6. a3 Bb7 7. Be3 Qc7 8. Qd3 Nf6 9. g3 Ng4 10. Bg2 Nxe3 11. fxe3 Nc6 12. 0-0 Ne5 13. Qd2 Be7 14. b3 Rc8 15. Nce2 0-0 16. Rfc1 g6 17. c3 Rfd8 18. Nf4 Ng4 19. Nd3 Bg5 20. Nf4 e5 21. Nf3 Bh6 22. h3 exf4 23. hxg4 fxe3 24. Qe1 Bxe4 25. g5 Bxf3 26. gxh6 Bxg2 27. Kxg2 Qc6+ 28. Kh3 Qe6+ 29. Kg2 Qe4+ 30. Kh2 Rc5 0-1

[Event "Moscow Botvinnik Memorial Cup"]
[Site "Moscow"]
[Date "2024.09.05"]
[Round "3.32"]
[White "Merkulova, Viktoria"]
[Black "Kazhgaleyev, Murtas"]
[Result "1/2-1/2"]
[WhiteElo "1947"]
[BlackElo "2481"]
[PlyCount "142"]
[EventDate "2024.09.04"]
[EventType "team-tourn"]
[EventRounds "9"]
[EventCountry "RUS"]
[SourceTitle "EXT 2025"]
[Source "ChessBase"]
[SourceDate "2024.10.14"]
[SourceVersion "1"]
[SourceVersionDate "2024.10.14"]
[SourceQuality "1"]
[WhiteTeam "Russia"]
[BlackTeam "Kazakhstan"]
[WhiteTeamCountry "RUS"]
[BlackTeamCountry "KAZ"]

1. e4 e6 2. d4 d5 3. Bd3 c5 4. exd5 exd5 5. Nf3 c4 6. Be2 Nc6 7. 0-0 Bd6 8. b3 cxb3 9. axb3 Nge7 10. c4 0-0 11. Nc3 h6 12. Bb2 Bg4 13. cxd5 Nb4 14. Ne5 Bxe2 15. Qxe2 Nbxd5 16. Ne4 Bb4 17. Rfc1 Ng6 18. Nxg6 fxg6 19. Nc5 Rf7 20. Nd3 Qe7 21. Qg4 Rf6 22. Rc8+ Rxc8 23. Qxc8+ Kh7 24. Ne5 a5 25. Rc1 Rf8 26. Qg4 Qf6 27. f3 Bd2 28. Nd7 Be3+ 29. Kh1 Bxc1 30. Bxc1 Qe7 31. Nxf8+ Qxf8 32. h4 Qf7 33. Qe4 Nf6 34. Qd3 Qd5 35. Bf4 b5 36. Be5 Nd7 37. f4 h5 38. Qc2 Qe6 39. Kh2 Qg4 40. g3 Qf5 41. Qc6 b4 42. Qa4 Qc2+ 43. Kh3 Qe4 44. Kh2 Qd5 45. Qa2 Nf6 46. Bxf6 gxf6 47. Qa4 Kg7 48. Qa2 Kf8 49. Qc2 Qxd4 50. Qxg6 a4 51. Qh6+ Ke7 52. Qg7+ Kd6 53. Qf8+ Kd5 54. Qa8+ Ke6 55. Qxa4 Kf7 56. Qa2 Qd3 57. Qa4 Qe2+ 58. Kg1 Qe1+ 59. Kg2 Qe4+ 60. Kh2 Kg6 61. Kg1 Qd4+ 62. Kg2 Qd2+ 63. Kh3 Qe1 64. Qc6 Qf1+ 65. Kh2 Qe2+ 66. Kh3 Qd1 67. Qe4+ Kh6 68. Qc6 Qg4+ 69. Kh2 Qe2+ 70. Kh3 Kg6 71. Qd5 Qg4+ 1/2-1/2

[Event "Moscow Botvinnik Memorial Cup"]
[Site "Moscow"]
[Date "2024.09.04"]
[Round "1.27"]
[White "Alijonov, Khojiakbar"]
[Black "Kazhgaleyev, Murtas"]
[Result "0-1"]
[WhiteElo "1672"]
[BlackElo "2481"]
[PlyCount "76"]
[EventDate "2024.09.04"]
[EventType "team-tourn"]
[EventRounds "9"]
[EventCountry "RUS"]
[SourceTitle "EXT 2025"]
[Source "ChessBase"]
[SourceDate "2024.10.14"]
[SourceVersion "1"]
[SourceVersionDate "2024.10.14"]
[SourceQuality "1"]
[WhiteTeam "Uzbekistan"]
[BlackTeam "Kazakhstan"]
[WhiteTeamCountry "UZB"]
[BlackTeamCountry "KAZ"]

1. d4 Nf6 2. c4 e6 3. Nf3 Bb4+ 4. Bd2 c5 5. Bxb4 cxb4 6. Nbd2 0-0 7. e3 d6 8. Be2 Qe7 9. 0-0 e5 10. dxe5 dxe5 11. Rc1 Nc6 12. Qc2 Rd8 13. e4 Bg4 14. Rfd1 Rac8 15. b3 Nd7 16. Qb2 Nc5 17. Qc2 a5 18. h3 Bh5 19. Kh2 h6 20. Nf1 Bxf3 21. Bxf3 Nd4 22. Rxd4 exd4 23. Ng3 Qg5 24. Rd1 d3 25. Qd2 Qxd2 26. Rxd2 a4 27. Bd1 axb3 28. axb3 g6 29. f3 Ra8 30. Nf1 Ra3 31. Ne3 Nxb3 32. Rb2 Nc5 33. Nd5 b3 34. Nc3 d2 35. Nd5 Ra2 36. Rb1 Rda8 37. Nc3 Ra1 38. Rb2 Rc1 0-1

[Event "Moscow Botvinnik Memorial Cup"]
[Site "Moscow"]
[Date "2024.09.04"]
[Round "1.28"]
[White "Kazhgaleyev, Murtas"]
[Black "Jumaeva, Malika"]
[Result "1-0"]
[WhiteElo "2481"]
[BlackElo "1708"]
[PlyCount "61"]
[EventDate "2024.09.04"]
[EventType "team-tourn"]
[EventRounds "9"]
[EventCountry "RUS"]
[SourceTitle "EXT 2025"]
[Source "ChessBase"]
[SourceDate "2024.10.14"]
[SourceVersion "1"]
[SourceVersionDate "2024.10.14"]
[SourceQuality "1"]
[WhiteTeam "Kazakhstan"]
[BlackTeam "Uzbekistan"]
[WhiteTeamCountry "KAZ"]
[BlackTeamCountry "UZB"]

1. d4 d5 2. c4 e6 3. Nc3 Nf6 4. cxd5 exd5 5. Bg5 c6 6. e3 Be7 7. Bd3 Nbd7 8. Nf3 0-0 9. Qc2 Re8 10. 0-0 Nf8 11. h3 Ne4 12. Bf4 Nxc3 13. bxc3 Ng6 14. Bh2 Bd7 15. c4 Bf8 16. Rab1 dxc4 17. Bxc4 b5 18. Bd3 Rc8 19. Rfd1 Qa5 20. Ne5 Be6 21. Nxc6 Qxa2 22. Qxa2 Bxa2 23. Ra1 Bb3 24. Nxa7 Bxd1 25. Nxc8 Rxc8 26. Rxd1 b4 27. Bf5 Re8 28. d5 Be7 29. d6 Bf6 30. d7 Rf8 31. Bd6 1-0